Solidaridad intergeneracional (Registro nro. 31235)
[ vista simple ]
| 000 -CABECERA | |
|---|---|
| Longitud fija campo de control | 01214naa a2200349 c 4500 |
| 001 - NÚMERO DE CONTROL | |
| Número de control | 31235 |
| 003 - IDENTIFICADOR DE NÚMERO DE CONTROL | |
| Identificador del número de control | ES-MaCES |
| 005 - FECHA Y HORA DE LA ÚLTIMA TRANSACCIÓN | |
| Fecha y hora de la última transacción | 20160811105343.0 |
| 008 - CAMPO FIJO DE DESCRIPCIÓN FIJA--INFORMACIÓN GENERAL | |
| Códigos de información de longitud fija | 990625n1999 sp 000 | spa d |
| 035 ## - NÚMERO DE CONTROL DEL SISTEMA | |
| Número de control del sistema | CES19990002181v |
| 040 ## - FUENTE DE CATALOGACIÓN | |
| Centro catalogador de origen | ES-MaCES |
| Lengua de catalogación | spa |
| Centro transcriptor | ES-MaCES |
| 100 1# - ENCABEZAMIENTO PRINCIPAL--NOMBRE PERSONAL | |
| 9 (RLIN) | 22107 |
| Nombre de persona | Rivas, Ana María |
| 245 10 - MENCIÓN DE TÍTULO | |
| Título | Solidaridad intergeneracional |
| Resto del título | : ¿quién depende de quién?, ¿quién ayuda a quién? |
| Mención de responsabilidad, etc. | Ana Mª Rivas |
| 500 ## - NOTA GENERAL | |
| Nota general | Resumen en español e inglés (p. 131) |
| 504 ## - NOTA DE BIBLIOGRAFÍA, ETC. | |
| Nota de bibliografía, etc. | Bibliografía: p. 129-130 |
| 650 #4 - ASIENTO SECUNDARIO DE MATERIA--TÉRMINO DE MATERIA | |
| Término de materia o nombre geográfico como elemento inicial | barrio |
| 9 (RLIN) | 29053 |
| 650 #4 - ASIENTO SECUNDARIO DE MATERIA--TÉRMINO DE MATERIA | |
| Término de materia o nombre geográfico como elemento inicial | Madrid (Comunidad Autónoma) |
| 9 (RLIN) | 30777 |
| 650 #4 - ASIENTO SECUNDARIO DE MATERIA--TÉRMINO DE MATERIA | |
| Término de materia o nombre geográfico como elemento inicial | investigación sociológica |
| 9 (RLIN) | 27260 |
| 650 #4 - ASIENTO SECUNDARIO DE MATERIA--TÉRMINO DE MATERIA | |
| Término de materia o nombre geográfico como elemento inicial | prestaciones familiares |
| 9 (RLIN) | 27038 |
| 650 #4 - ASIENTO SECUNDARIO DE MATERIA--TÉRMINO DE MATERIA | |
| Término de materia o nombre geográfico como elemento inicial | familia |
| 9 (RLIN) | 27318 |
| 650 #4 - ASIENTO SECUNDARIO DE MATERIA--TÉRMINO DE MATERIA | |
| Término de materia o nombre geográfico como elemento inicial | juventud |
| 9 (RLIN) | 28522 |
| 650 #4 - ASIENTO SECUNDARIO DE MATERIA--TÉRMINO DE MATERIA | |
| Término de materia o nombre geográfico como elemento inicial | padres |
| 9 (RLIN) | 27322 |
| 650 #4 - ASIENTO SECUNDARIO DE MATERIA--TÉRMINO DE MATERIA | |
| Término de materia o nombre geográfico como elemento inicial | estilo de vida |
| 9 (RLIN) | 29385 |
| 650 #4 - ASIENTO SECUNDARIO DE MATERIA--TÉRMINO DE MATERIA | |
| Término de materia o nombre geográfico como elemento inicial | sistema de valores |
| 9 (RLIN) | 29392 |
| 650 #4 - ASIENTO SECUNDARIO DE MATERIA--TÉRMINO DE MATERIA | |
| Término de materia o nombre geográfico como elemento inicial | estructura del empleo |
| 9 (RLIN) | 28304 |
| 650 #4 - ASIENTO SECUNDARIO DE MATERIA--TÉRMINO DE MATERIA | |
| Término de materia o nombre geográfico como elemento inicial | trabajador |
| 9 (RLIN) | 28414 |
| 653 10 - TÉRMINO DE INDEXACIÓN--NO CONTROLADO | |
| Término no controlado | Asuntos Sociales |
| 773 0# - ENTRADA DE DOCUMENTO FUENTE | |
| Título | Sociología del trabajo |
| Parte(s) relacionada(s) | n. 36 (primavera 1999){10217 R. 030689}; p. 109-131 |
| Número de control del registro relacionado | (ES-MaCES)25232 |
| Itemnumber del ítem fuente | 44328 |
| 902 ## - CES. TIPO DE DOCUMENTO | |
| Tipodoc (006$c Sirtex) | ART Artículo de revista |
| 942 ## - ELEMENTOS KOHA | |
| Fuente de clasificaión o esquema | Clasificación propia del CES |
| Koha [por defecto] tipo de item | Artículos (1982-2017) |
| Parte de clasificación | 3.3. |
No hay ítems disponibles.
